El constitucionalista Antonio Nariño / (Registro nro. 50208)

Detalles MARC
000 -LEADER
fixed length control field 01282nam a2200277 4500
001 - CONTROL NUMBER
control field 0000015470
003 - CONTROL NUMBER IDENTIFIER
control field CO-CtgCURN
005 - DATE AND TIME OF LATEST TRANSACTION
control field 20251016151015.0
008 - FIXED-LENGTH DATA ELEMENTS--GENERAL INFORMATION
fixed length control field 160627s2010 000 0 eng d
020 ## - INTERNATIONAL STANDARD BOOK NUMBER
International Standard Book Number 9789588392196
040 ## - CATALOGING SOURCE
Original cataloging agency CO-CtgCURN
Language of cataloging spa
Transcribing agency coctgcurn
082 0# - DEWEY DECIMAL CLASSIFICATION NUMBER
Classification number 342.009
Item number Ol11
100 1# - MAIN ENTRY--PERSONAL NAME
Personal name Olano García, Hernan Alejandro.
245 13 - TITLE STATEMENT
Title El constitucionalista Antonio Nariño /
Statement of responsibility, etc. Hernan Alejandro Olano García.
260 ## - PUBLICATION, DISTRIBUTION, ETC.
Place of publication, distribution, etc. Bogotá :
Name of publisher, distributor, etc. Academia Colombiana de Jurisprudencia,
Date of publication, distribution, etc. 2010.
300 ## - PHYSICAL DESCRIPTION
Extent 272 p.
336 ## - CONTENT TYPE
Source rdacontent
337 ## - MEDIA TYPE
Source rdamedia
Media type term sin mediacion
Media type code n
338 ## - CARRIER TYPE
Source rdacarrier
Carrier type term volumen
Carrier type code nc
504 ## - BIBLIOGRAPHY, ETC. NOTE
Bibliography, etc. note Incluye bibliografia (p. 255-265)
505 8# - FORMATTED CONTENTS NOTE
Formatted contents note Situacion de Nariño en el año 1817.--Carta de José María Vergara al General Nariño.--Diario de Angostura para Cucuta.--Carta de Nariño al canonico Fernando Caycedo y Florez.--Carta de Nariño a Francisco Antonio Zea.--Carta de Nariño a su hijo Antonio.--Carta de Nariño al General José María Vergara Lozano.--Proyecto de constitucion para la republica de los estados equinocciales de Colombia
650 #0 - SUBJECT ADDED ENTRY--TOPICAL TERM
Topical term or geographic name entry element Nariño, Antonio.
908 ## - PUT COMMAND PARAMETER (RLIN)
Put command parameter 160627
942 ## - ADDED ENTRY ELEMENTS (KOHA)
Koha item type Libros
Classification part 342.009
Item part Ol11
Source of classification or shelving scheme Dewey Decimal Classification
999 ## - SYSTEM CONTROL NUMBERS (KOHA)
-- 1
Existencias
Withdrawn status Lost status Source of classification or shelving scheme Damaged status Not for loan Home library Current library Shelving location Date acquired Total checkouts Full call number Barcode Date last seen Price effective from Koha item type
    Dewey Decimal Classification     Miguel Henríquez Castañeda Miguel Henríquez Castañeda General 03/04/2019   342.009 Ol11 015700 03/04/2019 03/04/2019 Libros